000 00307nam a22001337a 4500
082 _a823
_bSTE/T
100 _aSTEVENSON, ROBERT LOISE
245 _aTREASURE ISLAND
246 _aTREASURE ISLAND
_bTREASURE ISLAND
260 _aTHRISSUR
_bH& C
_c2025
300 _a160
650 _aENGLISH STORY
942 _cBK
999 _c9145
_d9145